[Event "Magnus Carlsen vs Challengers"]
[Site "Chess24"]
[Date "2021.04.18"]
[Round "1.19"]
[White "Carlsen, Magnus"]
[Black "Liang, Awonder"]
[Result "0-1"]
[WhiteElo "2847"]
[BlackElo "2592"]
[Annotator "TA"]
[PlyCount "118"]
[EventDate "2021.04.19"]
[EventCountry "NET"]
[SourceTitle "playchess.com"]
[Source "ChessBase"]
[SourceQuality "1"]

{[%evp 15,118,0,1,0,0,-3,0,0,0,0,0,-4,0,-7,134,139,147,129,124,125,143,133,191,172,160,77,75,80,73,77,173,167,216,214,204,208,247,239,264,239,230,236,418,241,248,229,229,224,237,213,250,206,225,232,222,227,239,216,227,64,29,5,2,7,0,6,133,129,229,168,268,0,0,0,521,0,0,0,0,0,0,0,0,0,0,0,0,-56,-56,-75,-24,-25,0,0,0,0,0,-543,0,0,0,0,0,0,0]} 1. d3 Nf6 2. Nf3 g6 3. g3 Bg7 4. Bg2 O-O 5. O-O c5 6. Nbd2 Nc6 7. e4 d6 8. Re1 Qc7 9. a4 {A05: Réti Opening: 1 Nf3 Nf6.} b6 $5 {[%mdl 4] [#] Leaves trodden paths.} 10. e5 $146 ({Predecessor:} 10. Nf1 Bb7 11. Bg5 Nd7 12. c3 f6 13. Be3 Rad8 14. h4 Ba6 15. N1h2 Nce5 16. Nxe5 dxe5 {1-0 (63) Boudry,W (2044)-Punt,R (1876) Brasschaat 2018}) 10... dxe5 11. Nxe5 Nxe5 12. Bxa8 Bg4 13. Bf3 Nxf3+ 14. Nxf3 Qd7 {[#]} (14... Nd5 $11 {remains equal.}) 15. Ne5 $1 $16 {[%cal Re5d7][%mdl 512]} Qf5 16. Nxg4 Nxg4 17. Qe2 Bd4 18. Rf1 $1 Rd8 (18... Qh5 $16 19. h4 Nxf2 20. Qxh5 Ng4+ 21. Kg2 gxh5) 19. c3 ({Much less strong is} 19. Qxe7 $6 Qf3 $16) 19... Bf6 20. Kg2 (20. Bf4 $142) 20... Rxd3 21. f3 Ne5 22. Bf4 Nc6 (22... Rd5 $16) 23. Rad1 $36 {[%mdl 2048] White is really pushing.} c4 24. Rxd3 cxd3 25. Qe4 Qc8 26. Qxd3 g5 27. Be3 Ne5 28. Qe4 Qd7 $2 {[#]} (28... Nc4 {might work better.} 29. Bc1 h6) 29. Bd4 (29. Bxg5 $142 $1 {[%mdl 512]} Kg7 (29... Bxg5 30. Qxe5) 30. h4) 29... Ng6 30. Bxf6 exf6 {[%mdl 4096] Endgame KQR-KQN} 31. Rf2 Kg7 32. Qd4 Qe6 33. Rd2 h5 34. Qe4 Qc8 35. Rd6 Qc5 36. Qd4 Qf5 37. b4 $2 (37. Qd3 $18 Qe5 38. Rd4) 37... Qc2+ $14 38. Kf1 Qb1+ 39. Ke2 ({Don't take} 39. Qd1 Qb2 $16) 39... Qc2+ 40. Qd2 Qf5 (40... Qxa4 $11 {keeps the balance.} 41. f4 gxf4) 41. Qd3 $16 Qe5+ (41... Qh3 $16) 42. Kd2 Qe7 (42... h4 {was worth a try.}) 43. Qd5 $2 (43. Rd7 $18 Qe8 44. Qd5 (44. Rxa7 Qe6 $16)) 43... Ne5 $11 44. Kc2 {And now Kb3 would win.} Qc7 $2 {[%mdl 8192]} (44... Nc4 $1 $11 45. Qxc4 Qxd6) 45. f4 $2 ({White has to play} 45. Kb3 $18 {Hoping for f4.} h4 46. f4 gxf4 47. gxf4) 45... Nc4 46. Qc6 Qxd6 47. Qxc4 {KQ-KQ} Qd7 48. fxg5 Qxa4+ 49. Kb2 fxg5 50. Qd4+ f6 51. Qe4 ({White should play} 51. Qd8 $1 $11) 51... Qd7 $15 52. Qe2 h4 ({Black should try} 52... Kh6 $17) 53. gxh4 $11 g4 54. Qe3 Qf5 55. Qg3 Qf3 {...Qxg3 is the strong threat.} 56. Kb3 $2 {[%mdl 8192] [#]} (56. c4 $11 {and White stays safe.}) 56... Qd1+ $2 (56... Qxg3 $1 $19 57. hxg3 f5) 57. Kc4 {The position is equal.} Qe2+ 58. Kd4 a5 59. bxa5 bxa5 {[%mdl 32768] What a bad dream for Black.  Weighted Error Value: White=0.47/Black=0.57. Loss on time!?} 0-1

[Event "Magnus Carlsen vs Challengers"]
[Site "Chess24"]
[Date "2021.04.18"]
[Round "1.20"]
[White "Carlsen, Magnus"]
[Black "Muzychuk, Anna"]
[Result "1-0"]
[WhiteElo "2847"]
[BlackElo "2535"]
[Annotator "TA"]
[PlyCount "75"]
[EventDate "2021.04.19"]
[EventCountry "NET"]
[SourceTitle "playchess.com"]
[Source "ChessBase"]
[SourceQuality "1"]

{[%evp 16,75,41,9,16,13,21,4,8,10,9,25,26,0,5,0,0,0,0,0,0,0,0,0,0,0,0,0,0,0,0,0,0,-13,0,0,15,-62,-58,-81,48,48,48,48,48,55,106,95,119,137,285,286,498,472,724,843,812,826,804,797,731,727]} 1. e4 e5 2. Nf3 Nc6 3. Bb5 a6 4. Ba4 Nf6 5. d3 d6 6. c3 g6 7. O-O Bg7 8. Re1 O-O 9. Nbd2 Re8 {C77: Ruy Lopez: 3...a6 4 Ba4 Nf6, unusual lines.} 10. h3 h6 11. Nf1 b5 {[%cal Bb7b5,Bb5b4][%mdl 32] The position is equal.} 12. Bc2 d5 13. a4 {[#]} Be6 $146 ({Predecessor:} 13... Bb7 14. b4 Nb8 15. Ng3 Nbd7 16. Be3 Qe7 17. Qb1 dxe4 18. dxe4 Nb6 19. Nd2 Nxa4 20. Bxa4 bxa4 21. Rxa4 {½-½ (37) McShane,L (2663)-Short,N (2648) Bunratty 2019}) 14. Ng3 b4 15. a5 dxe4 16. Nxe4 Nxe4 17. dxe4 Qxd1 18. Bxd1 {Ba4 is the strong threat.} bxc3 19. bxc3 Red8 20. Be2 Ne7 {[%cal Bc6e7,Be7c8,Bc8d6][%mdl 32]} 21. Be3 Nc8 22. Nd2 Nd6 23. f3 Nb5 24. Rec1 Bf8 25. Kf2 f5 {aiming for ...f4.} 26. Ke1 (26. g3 $11) 26... f4 $15 27. Bf2 {[#]} c6 (27... Na3 $1 $17 28. Nb1 Nc4) 28. Nc4 Bxc4 29. Bxc4+ Kg7 30. Bb6 $36 {[%mdl 2048] White is more active.} Rd7 (30... Rd6 $14) 31. Rd1 $16 Rxd1+ 32. Rxd1 ({Reject} 32. Kxd1 $6 Nxc3+ 33. Kc2 Nb5 $11) 32... Nxc3 {A mistake that costs the game.} (32... Be7 $16 {might work better.} 33. Rd7 Kf6) 33. Rd7+ $18 Kh8 $2 (33... Kf6 34. Bd8+ Rxd8 35. Rxd8 Bb4) 34. Bc7 {White is clearly winning.} Bg7 {[#]} (34... Re8 $142 35. Bd8 Bg7 36. Bxa6 Na4) 35. Rxg7 $1 {[%mdl 576] Remove Defender, Decoy} Kxg7 36. Bxe5+ {[%mdl 64] Double Attack} Kf8 37. Bxc3 Ke7 38. e5 {Weighted Error Value: White=0.11/Black=0.29} 1-0

[Event "Magnus Carlsen vs Challengers"]
[Site "Chess24"]
[Date "2021.04.18"]
[Round "1.21"]
[White "Ganguly, Surya Shekhar"]
[Black "Carlsen, Magnus"]
[Result "0-1"]
[WhiteElo "2625"]
[BlackElo "2847"]
[Annotator "TA"]
[PlyCount "138"]
[EventDate "2021.04.19"]
[EventCountry "NET"]
[SourceTitle "playchess.com"]
[Source "ChessBase"]
[SourceQuality "1"]

{[%evp 10,138,37,10,21,12,43,7,1,-25,-23,-87,-76,-72,-88,-109,-118,-175,-166,-173,-188,-181,-177,-169,-184,-178,-122,-139,-144,-183,-180,-162,-167,-330,-333,-351,-353,-364,-338,-450,-463,-750,-549,-547,-532,-825,-811,-756,-33,-35,0,0,0,0,0,0,0,0,0,0,0,0,0,0,0,0,0,0,0,0,0,0,0,0,0,0,0,0,0,0,0,0,0,0,0,0,0,0,0,0,0,0,0,0,29986,29987,29987,29988,29988,29989,29989,29990,29992,29990,29991,29989,29991,29990,29990,29991,29993,29992,29992,29993,29993,29993,29994,29995,29995,29996,29996,29993,29993,29989,29989,29989,29992,0,0,0,0]} 1. e4 g6 2. d4 Bg7 3. Nc3 d6 4. Be3 a6 5. a4 Nf6 6. h3 O-O {B06: Modern Defence.} 7. g4 Nc6 8. d5 {[#]} Nb4 $146 ({Predecessor:} 8... Nb8 9. Bg2 Nbd7 10. Nge2 e5 11. Ng3 b6 12. O-O a5 13. Qd2 Nc5 14. Bg5 Qe8 {0-1 (30) Barle,J (2263)-Babic,M (1685) Ljubljana 2018}) 9. a5 e6 10. Ra4 (10. Bg2 $11 {keeps the balance.}) 10... c5 $17 11. dxc6 Nxc6 12. Bg2 Nxa5 13. e5 (13. Ra2 $17) 13... Ne8 $1 $19 14. exd6 {[#]} Bd7 $1 15. Rb4 b5 16. Bxa8 Qxa8 17. f3 {[#]} Nc4 (17... Qc6 $1 $19 18. Bd4 e5) 18. Rxc4 bxc4 19. Bg5 {intending Be7.} f5 20. Be7 Rf7 21. Rh2 $2 (21. g5 {was worth a try.}) 21... Qb8 22. Nge2 Qxb2 23. Qd2 fxg4 24. hxg4 Rxf3 25. Rf2 (25. Nd1 $142 c3 26. Qc1) 25... Bxc3 26. Nxc3 Qxc3 27. Rxf3 Qxf3 28. Qd4 Qd5 $2 (28... c3 $19 {( -> ...Bb5)} 29. Qd3 Qh1+ 30. Qf1 Qe4+ 31. Qe2 Qf4) 29. Qf4 $15 {[%csl Ge7][%cal Rf4f8]} h6 (29... Nf6 $5 30. Bxf6 g5 31. Bxg5 e5 $15) 30. Qf8+ $1 Kh7 31. Qf7+ Kh8 32. Qf8+ Kh7 33. Qf7+ Kh8 34. Bf6+ Nxf6 35. Qxf6+ Kg8 36. Qd8+ Kf7 37. Qxd7+ $11 {[%mdl 4096] Endgame KQ-KQ} Kf6 {Strongly threatening ...Ke5.} 38. Qe7+ Ke5 {White must now prevent ...Qe4+.} 39. d7 Qe4+ 40. Kd2 Qd4+ 41. Ke2 Qe4+ 42. Kf2 Qf4+ 43. Ke1 Qe3+ 44. Kd1 Qf3+ 45. Kc1 Qe3+ 46. Kb1 Qb6+ 47. Ka2 (47. Kc1 c3 $17) 47... Qa5+ 48. Kb2 Qb6+ 49. Kc3 ({Reject} 49. Kc1 c3 $17) 49... Qd4+ {[%mdl 64] Double Attack} 50. Kb4 Qb6+ 51. Kxc4 Qc6+ {[%mdl 8192]} (51... Qb5+ $11 52. Kc3 Qc6+ 53. Kb4 Qb6+ 54. Kc4 Qb5+ 55. Kc3 Qc6+ 56. Kb4 Qb6+ 57. Ka4 Qb5+ 58. Ka3 Qa5+ 59. Kb2 Qb6+ 60. Kc1 Qg1+ 61. Kd2 Qg2+ 62. Ke3 Qe4+ 63. Kf2 Qd4+ 64. Kg3 Qg1+ 65. Kf3 (65. Kh3 Qh1+ 66. Kg3 Qg1+ 67. Kf3 Qd1+ 68. Kf2 Qxc2+ 69. Kg3 Qc3+ 70. Kh4 Qe1+ 71. Kh3 Qc3+ 72. Kh4 Qe1+ 73. Kh3 Qc3+ 74. Kh4 $11) 65... Qd1+ 66. Kg2 (66. Kg3 Qg1+ 67. Kh3 Qh1+ 68. Kg3 Qg1+ $11) 66... Qd2+ 67. Kh3 Qe3+ 68. Kh2 (68. Kh4 Qf2+ 69. Kh3 Qe3+ 70. Kh4 Qf2+ 71. Kh3 Qe3+ $11) 68... Qf2+ 69. Kh1 Qf3+ 70. Kg1 (70. Kh2 Qf2+ 71. Kh3 Qe3+ 72. Kh4 Qf2+ 73. Kh3 Qe3+ $11) 70... Qe3+ 71. Kh2 Qf2+ 72. Kh3 Qe3+ 73. Kh4 Qf2+ 74. Kh3 Qe3+) 52. Qc5+ {[%mdl 64] Double Attack} Qd5+ 53. Qxd5+ exd5+ {KP-KP} 54. Kc5 Kf4 55. d8=Q Kxg4 56. Qh8 g5 57. Qg7 h5 58. Qh6 h4 59. Kxd5 h3 60. Qe6+ Kg3 61. Qe3+ Kh4 62. Qe2 g4 63. Qf2+ g3 64. Qf6+ Kh5 65. Qh8+ Kg4 66. Qg7+ Kf3 67. Qf7+ Kg2 68. Qh5 $2 (68. Ke4 {mates} Kh2 69. Qf4 Kg2 70. Qg4 Kf2 71. Qf3+ Kg1 72. Qxg3+ {[%mdl 64] Double Attack} Kh1 73. Kf3 a5 74. Qxh3+ Kg1 75. Qg2#) 68... h2 $1 {[%cal Rh2h1]} 69. Qe2+ {[%mdl 64] Double Attack} Kg1 {[%mdl 32768] Never resign too early!  Weighted Error Value: White=0.26/Black=0.33. Sensor Board Error (Ke4/e5)?} 0-1

[Event "Magnus Carlsen vs Challengers"]
[Site "Chess24"]
[Date "2021.04.19"]
[Round "1.22"]
[White "Kogan, Arthur"]
[Black "Carlsen, Magnus"]
[Result "0-1"]
[WhiteElo "2501"]
[BlackElo "2847"]
[Annotator "TA"]
[PlyCount "76"]
[EventDate "2021.04.19"]
[EventCountry "NET"]
[SourceTitle "playchess.com"]
[Source "ChessBase"]
[SourceQuality "1"]

{[%evp 16,76,42,33,33,32,60,-4,29,31,68,70,69,62,66,65,93,35,54,11,8,-43,37,15,43,21,27,44,12,22,36,0,-23,-272,-298,-352,-295,-298,-292,-292,-291,-489,-420,-646,-646,-653,-647,-802,-801,-786,-778,-839,-831,-850,-837,-852,-847,-1118,-945,-918,-930,-1084,-1052]} 1. d4 Nf6 2. c4 c5 3. d5 b5 4. Qc2 bxc4 5. e4 d6 6. Nf3 g6 7. Bxc4 Bg7 8. O-O O-O 9. Re1 Nbd7 {A57: Benko/Volga Gambit.} 10. Nc3 Rb8 11. Bf4 (11. h3 $14) 11... Nb6 {The position is equal.} 12. Bf1 Ne8 13. h3 Nc7 14. Rad1 {[#]} Bb7 $146 ({Predecessor:} 14... Ba6 15. Bxa6 Nxa6 16. e5 Nb4 17. Qe2 c4 18. Bg5 f6 19. exf6 exf6 20. Be3 Nd3 {1-0 (32) Taher,Y (2295)-Harahap,Y (2312) Yogyakarta 2016}) 15. b3 Qd7 16. a4 (16. Qd2 $16) 16... Ba6 17. Be2 Bxe2 18. Rxe2 (18. Nxe2 $11 Qc8 19. e5) 18... Na6 ({Better is} 18... c4 $15 19. bxc4 Nxc4) 19. Qd2 Na8 20. Bh6 Rxb3 21. Bxg7 Kxg7 22. e5 N8c7 23. e6 (23. Ng5 $14 dxe5 24. Rxe5) 23... fxe6 $11 24. Ng5 $2 {White does not recover from this.} (24. dxe6 $11 {and White has nothing to worry.} Qc6 25. Re4) 24... e5 $19 25. Re4 h6 26. Nf3 Qf5 27. Rg4 {Now Nh4 and White clings on.} Nb4 28. Ne4 $2 (28. Nh4 Qc2 29. Rxg6+ Kf7 30. Qxc2 Nxc2 31. Ne4) 28... Rd3 29. Nh4 {[#]} (29. Qe2 $142 Rxf3 30. Qxf3 Qxf3 31. gxf3) 29... Qxg4 $1 {[%mdl 512] Black is clearly winning.} 30. hxg4 {Black must now prevent Qc1.} Rxd2 31. Rxd2 Ncxd5 32. Nf3 c4 33. g5 h5 34. Rd1 c3 35. Rc1 c2 36. Ned2 Rc8 {Strongly threatening ...Nd3.} 37. Ne1 Nc3 {[#] And now ...Ne2+ would win.} 38. Nb3 Ne2+ {[%mdl 64] Double Attack.  Weighted Error Value: White=0.63/Black=0.25} 0-1